[Event "34th European Club Cup 2018"]
[Site "Halkidiki"]
[Date "2018.10.18"]
[Round "7"]
[White "Andersen, Soren Mikkel"]
[Black "Wambach, Patrick"]
[Result "1/2-1/2"]
[WhiteElo "2159"]
[BlackElo "1958"]
[Annotator "TA"]
[PlyCount "157"]
[EventDate "2018.10.12"]
[EventType "team-tourn"]
[EventCountry "GRE"]
[SourceTitle "playchess.com"]
[Source "ChessBase"]
[SourceQuality "1"]
[WhiteTeam "Bronshoj"]
[BlackTeam "Echternach"]

1. d4 Nf6 2. c4 g6 3. Nc3 Bg7 4. e4 d6 5. Nf3 O-O 6. Be2 e5 7. O-O Nc6 8. d5 Ne7 9. b4 Nh5 10. Re1 f5 11. Ng5 Nf6 12. f3 Nh5 13. c5 Nf4 14. Bc4 Kh8 15. g3 h6 16. Ne6 Bxe6 17. dxe6 Nh3+ 18. Kg2 fxe4 19. fxe4 Nf2 20. Qd2 Ng4 21. Rf1 Rxf1 22. Bxf1 dxc5 23. Qxd8+ Rxd8 24. bxc5 Nf6 25. Rb1 b6 26. Ba3 Bf8 27. Bb5 c6 28. Be2 b5 29. Bc1 a5 30. a3 Neg8 31. Be3 Re8 32. Kf3 Rxe6 33. Rd1 Re8 34. g4 Be7 35. Bf1 Rd8 36. Rxd8 Bxd8 37. Bd2 Be7 38. Be3 Nd7 39. Nxb5 Bxc5 40. Bxc5 Nxc5 41. Nd6 Nf6 42. Nf7+ Kg7 43. Nxe5 Nfxe4 44. Ke3 Nf6 45. Bg2 Nd5+ 46. Bxd5 cxd5 47. Kd4 Nb3+ 48. Kxd5 Kf6 49. Nf3 h5 50. h3 Nc1 51. Ke4 Ne2 52. g5+ Ke6 53. Ke3 Nc3 54. Nd4+ Kd5 55. Kd3 Ne4 56. Nf3 Nf2+ 57. Kc3 Nxh3 58. Kb3 Kc5 59. Nh4 Nxg5 60. Nxg6 Ne6 61. Nh4 Kb5 62. Nf5 a4+ 63. Kc3 Kc5 64. Kd3 Nf4+ 65. Ke4 Ng6 66. Ne3 h4 67. Kf5 Kd4 68. Nd1 Kc4 69. Kxg6 Kb3 70. Kg5 h3 71. Kg4 h2 72. Nf2 Kxa3 73. Kg3 Kb3 74. Kxh2 a3 75. Nd3 Kc3 76. Nc1 Kc2 77. Na2 Kb2 78. Nb4 a2 79. Nxa2 1/2-1/2

[Event "34th European Club Cup 2018"]
[Site "Halkidiki"]
[Date "2018.10.18"]
[Round "7"]
[White "Vanheirzeele, Daniel"]
[Black "Salama, Omar"]
[Result "0-1"]
[WhiteElo "2158"]
[BlackElo "2254"]
[Annotator "TA"]
[PlyCount "58"]
[EventDate "2018.10.12"]
[EventType "team-tourn"]
[EventCountry "GRE"]
[SourceTitle "playchess.com"]
[Source "ChessBase"]
[SourceQuality "1"]
[WhiteTeam "KGSRL"]
[BlackTeam "Reykjavik"]

1. d4 Nf6 2. Nf3 c5 3. d5 d6 4. Nc3 g6 5. e4 Bg7 6. Bb5+ Bd7 7. a4 O-O 8. O-O Bg4 9. Re1 Nbd7 10. h3 Bxf3 11. Qxf3 a6 12. Bf1 Qc7 13. Bg5 h6 14. Bh4 Kh7 15. Qe2 Rfe8 16. Qd2 Qa5 17. Ra3 Rab8 18. f4 Qb4 19. Bf2 c4 20. e5 Ng8 21. Bd4 e6 22. dxe6 Rxe6 23. Ne4 Qxd2 24. Nxd2 dxe5 25. Bxc4 exd4 26. Bxe6 fxe6 27. Rxe6 Rc8 28. Rg3 Ngf6 29. Nf3 Nc5 0-1

[Event "34th European Club Cup 2018"]
[Site "Halkidiki"]
[Date "2018.10.18"]
[Round "7"]
[White "Mcgowan, Daniel"]
[Black "Berg, Michael"]
[Result "1/2-1/2"]
[WhiteElo "2157"]
[BlackElo "2331"]
[Annotator "TA"]
[PlyCount "60"]
[EventDate "2018.10.12"]
[EventType "team-tourn"]
[EventCountry "GRE"]
[SourceTitle "playchess.com"]
[Source "ChessBase"]
[SourceQuality "1"]
[WhiteTeam "Grantham"]
[BlackTeam "Solingen"]

1. e4 c6 2. d4 d5 3. e5 c5 4. dxc5 e6 5. Nf3 Bxc5 6. Bd3 Nc6 7. O-O Nge7 8. a3 Ng6 9. b4 Bb6 10. Bb2 O-O 11. Nbd2 f6 12. Bxg6 hxg6 13. Qe2 Bd7 14. c4 fxe5 15. Nxe5 Nxe5 16. Bxe5 dxc4 17. Nxc4 Bb5 18. a4 Bxf2+ 19. Rxf2 Rxf2 20. Qxf2 Bxc4 21. Rc1 Qg5 22. Qf4 Qxf4 23. Bxf4 b5 24. axb5 Bxb5 25. h4 Rd8 26. Rc7 Rd7 27. Rxd7 Bxd7 28. Kf2 Kf7 29. Be5 a6 30. Ke3 Bb5 1/2-1/2

[Event "34th European Club Cup 2018"]
[Site "Halkidiki"]
[Date "2018.10.18"]
[Round "7"]
[White "Walton, Alan J"]
[Black "Palsson, Halldor"]
[Result "1/2-1/2"]
[WhiteElo "2152"]
[BlackElo "2020"]
[Annotator "TA"]
[PlyCount "73"]
[EventDate "2018.10.12"]
[EventType "team-tourn"]
[EventCountry "GRE"]
[SourceTitle "playchess.com"]
[Source "ChessBase"]
[SourceQuality "1"]
[WhiteTeam "Oldham"]
[BlackTeam "Viking CC"]

1. d4 d6 2. e4 Nf6 3. Nc3 e5 4. Nf3 Nbd7 5. Bc4 Be7 6. O-O O-O 7. Re1 b6 8. h3 Bb7 9. d5 Nh5 10. g3 a6 11. a4 Kh8 12. Bf1 g6 13. Bh6 Ng7 14. Qd2 Nf6 15. Nh2 c6 16. dxc6 Bxc6 17. Rad1 Qd7 18. b3 Qb7 19. Bg5 Ne6 20. Bxf6+ Bxf6 21. Nd5 Bxd5 22. exd5 Nc5 23. h4 b5 24. axb5 axb5 25. h5 Bd8 26. Qh6 Rg8 27. Bg2 f5 28. hxg6 Qg7 29. Qxh7+ Qxh7 30. gxh7 Kxh7 31. Bf1 b4 32. Bh3 Kg6 33. Nf1 Bg5 34. Ne3 Bxe3 35. Rxe3 Ra2 36. Rc1 Rb2 37. Rf3 1/2-1/2

[Event "34th European Club Cup 2018"]
[Site "Halkidiki"]
[Date "2018.10.18"]
[Round "7"]
[White "Hamiti, Gani"]
[Black "Reichardt, Robin"]
[Result "1-0"]
[WhiteElo "2149"]
[BlackElo "1993"]
[Annotator "NA RC"]
[PlyCount "65"]
[EventDate "2018.10.12"]
[EventType "team-tourn"]
[EventCountry "GRE"]
[SourceTitle "playchess.com"]
[Source "ChessBase"]
[SourceQuality "1"]
[WhiteTeam "Dardania"]
[BlackTeam "En Passant"]

1. e4 e5 2. Nf3 Nc6 3. d4 exd4 4. Bc4 Nf6 5. e5 d5 6. Bb5 Ne4 7. Nxd4 Bd7 8. Bxc6 bxc6 9. O-O Bc5 10. f3 Ng5 11. f4 Ne4 12. Be3 Bb6 13. Nc3 Nxc3 14. bxc3 Qe7 15. Qd2 O-O 16. Rae1 Rad8 17. f5 c5 18. Nb3 Bb5 19. f6 Qxe5 20. Bg5 Qd6 21. fxg7 Rfe8 22. Bxd8 Rxd8 23. Rf3 d4 24. Kh1 Bc6 25. Rg3 Bd5 26. Qe2 Be6 27. Nd2 Re8 28. Ne4 Qe7 29. Qh5 Bd7 30. Qh6 Qxe4 31. Rxe4 Rxe4 32. h3 c6 33. Qd6 1-0

[Event "34th European Club Cup 2018"]
[Site "Halkidiki"]
[Date "2018.10.18"]
[Round "7"]
[White "Wundermann, Xavier"]
[Black "Gengler, Pierre"]
[Result "1-0"]
[WhiteElo "2139"]
[BlackElo "2205"]
[Annotator "TA"]
[PlyCount "85"]
[EventDate "2018.10.12"]
[EventType "team-tourn"]
[EventCountry "GRE"]
[SourceTitle "playchess.com"]
[Source "ChessBase"]
[SourceQuality "1"]
[WhiteTeam "Bois-Colombes"]
[BlackTeam "Wirtzfeld"]

1. e4 c5 2. Nc3 Nc6 3. Bb5 g6 4. Bxc6 bxc6 5. f4 Bg7 6. Nf3 d6 7. d3 Nf6 8. O-O O-O 9. Qe1 Ne8 10. f5 e6 11. fxg6 fxg6 12. Bg5 Qc7 13. e5 d5 14. Qh4 Rb8 15. b3 Rb4 16. Qg3 Rf5 17. Rae1 Rb7 18. Na4 Bf8 19. c4 Qg7 20. Be3 d4 21. Bc1 Nc7 22. Ng5 Na6 23. Ne4 Rbf7 24. Nf6+ Kh8 25. Rxf5 exf5 26. Ne8 Qg8 27. Bg5 Bh6 28. Bxh6 Qxe8 29. e6 Re7 30. Qe5+ Kg8 31. Qf6 Nb4 32. Nxc5 Nc2 33. Re2 Ne3 34. Bxe3 dxe3 35. Rxe3 Qf8 36. Qxf8+ Kxf8 37. d4 Re8 38. b4 Ke7 39. Ra3 a6 40. Nxa6 Bxe6 41. Re3 Kf7 42. Nc7 Re7 43. Nxe6 1-0

[Event "34th European Club Cup 2018"]
[Site "Halkidiki"]
[Date "2018.10.18"]
[Round "7"]
[White "Gnichtel, Gerd"]
[Black "Skousen, Nikolai"]
[Result "1/2-1/2"]
[WhiteElo "2125"]
[BlackElo "2226"]
[Annotator "TA"]
[PlyCount "100"]
[EventDate "2018.10.12"]
[EventType "team-tourn"]
[EventCountry "GRE"]
[SourceTitle "playchess.com"]
[Source "ChessBase"]
[SourceQuality "1"]
[WhiteTeam "Echternach"]
[BlackTeam "Bronshoj"]

1. d4 g6 2. c4 Bg7 3. Nc3 c5 4. Nf3 cxd4 5. Nxd4 Nc6 6. e3 Nf6 7. Be2 O-O 8. O-O d5 9. cxd5 Nxd5 10. Nxd5 Qxd5 11. Bf3 Qc4 12. Nxc6 bxc6 13. Qb3 Ba6 14. Rd1 Rab8 15. Qxc4 Bxc4 16. Bxc6 Bxb2 17. Bxb2 Rxb2 18. a4 Rc8 19. Bd7 Rcb8 20. h4 Rc2 21. Rdc1 Rbb2 22. Rxc2 Rxc2 23. Rb1 Bd5 24. Bg4 Rc4 25. Bd1 Rxh4 26. Rb5 e6 27. Ra5 Rc4 28. Be2 Rc1+ 29. Kh2 Rc2 30. Bf3 Bxf3 31. gxf3 Rc7 32. f4 Kf8 33. Kg3 Ke7 34. Kg4 h6 35. e4 Kf6 36. Kh4 Ke7 37. Kg4 Kf6 38. Kh4 Rb7 39. Kg4 Kg7 40. Ra6 Kf8 41. Kh4 Ke8 42. Kg4 Kd8 43. f3 Kc8 44. f5 gxf5+ 45. exf5 Rb4+ 46. f4 Kb7 47. Rd6 h5+ 48. Kg5 exf5 49. Rd7+ Kb6 50. a5+ Ka6 1/2-1/2

[Event "34th European Club Cup 2018"]
[Site "Halkidiki"]
[Date "2018.10.18"]
[Round "7"]
[White "Vanstreels, Luc"]
[Black "Vucinic, Gojko"]
[Result "0-1"]
[WhiteElo "2123"]
[BlackElo "2398"]
[Annotator "TA"]
[PlyCount "76"]
[EventDate "2018.10.12"]
[EventType "team-tourn"]
[EventCountry "GRE"]
[SourceTitle "playchess.com"]
[Source "ChessBase"]
[SourceQuality "1"]
[WhiteTeam "Eynatten"]
[BlackTeam "Itaka"]

1. d4 Nf6 2. Bf4 g6 3. Nc3 d5 4. e3 Bg7 5. h4 O-O 6. h5 c5 7. dxc5 Qa5 8. hxg6 hxg6 9. Bh6 Bxh6 10. Rxh6 Nc6 11. Bb5 e5 12. a3 d4 13. Bxc6 Qxc5 14. Ne4 Qxc6 15. Nxf6+ Qxf6 16. exd4 exd4 17. Nf3 Rd8 18. Qd2 Bf5 19. Nh4 Re8+ 20. Kf1 Bg4 21. Nf3 Re4 22. Qg5 Qxg5 23. Nxg5 Re5 24. f4 Rc5 25. Ne4 Rf5 26. g3 Bh5 27. Ng5 Rc5 28. g4 Bxg4 29. Rh2 Rac8 30. Ne4 R5c6 31. Rd2 Bf5 32. Re1 Rxc2 33. Rxd4 Bh3+ 34. Kg1 Rg2+ 35. Kh1 Rcc2 36. Nf6+ Kg7 37. Ne8+ Kf8 38. Rd3 Rh2+ 0-1

[Event "34th European Club Cup 2018"]
[Site "Halkidiki"]
[Date "2018.10.18"]
[Round "7"]
[White "Van Twillert, Laurents"]
[Black "Budima, Armend"]
[Result "0-1"]
[WhiteElo "2117"]
[BlackElo "2202"]
[Annotator "TA"]
[PlyCount "118"]
[EventDate "2018.10.12"]
[EventType "team-tourn"]
[EventCountry "GRE"]
[SourceTitle "playchess.com"]
[Source "ChessBase"]
[SourceQuality "1"]
[WhiteTeam "En Passant"]
[BlackTeam "Dardania"]

1. e4 c5 2. Nf3 d6 3. Bb5+ Bd7 4. a4 Nf6 5. Qe2 Nc6 6. O-O e6 7. c3 a6 8. Bxc6 Bxc6 9. e5 dxe5 10. Nxe5 Qc7 11. Nxc6 Qxc6 12. d3 Bd6 13. Bg5 Qc7 14. g3 Nd7 15. Nd2 h6 16. Be3 O-O 17. a5 Rfe8 18. Ra4 Qc6 19. Rfa1 Rad8 20. Ne4 Bf8 21. f4 f5 22. Nf2 e5 23. Qh5 Qe6 24. Re1 exf4 25. Bd2 Qf7 26. Qxf7+ Kxf7 27. Rxf4 Rxe1+ 28. Bxe1 Ke6 29. g4 fxg4 30. Nxg4 Bd6 31. Re4+ Kf7 32. Bf2 h5 33. Ne3 Ne5 34. d4 cxd4 35. cxd4 Nc6 36. d5 Ne7 37. Bh4 Rd7 38. Bxe7 Bxe7 39. Rc4 Bg5 40. Kf2 Bxe3+ 41. Kxe3 Rxd5 42. Rc7+ Kf6 43. Rxb7 Rxa5 44. Kf3 Rb5 45. Ra7 Rb3+ 46. Ke4 Rxb2 47. Rxa6+ Kg5 48. h4+ Kxh4 49. Rg6 Rb4+ 50. Kf3 Rg4 51. Rxg4+ hxg4+ 52. Kg2 g6 53. Kh2 g3+ 54. Kg2 Kg4 55. Kg1 Kf3 56. Kf1 g2+ 57. Kg1 g5 58. Kh2 Kf2 59. Kh3 g1=N+ 0-1

[Event "34th European Club Cup 2018"]
[Site "Halkidiki"]
[Date "2018.10.18"]
[Round "7"]
[White "Arnott, Jonathan W"]
[Black "Ledger, Dave J"]
[Result "1-0"]
[WhiteElo "2116"]
[BlackElo "2168"]
[Annotator "TA"]
[PlyCount "111"]
[EventDate "2018.10.12"]
[EventType "team-tourn"]
[EventCountry "GRE"]
[SourceTitle "playchess.com"]
[Source "ChessBase"]
[SourceQuality "1"]
[WhiteTeam "White Rose"]
[BlackTeam "Blackthorne"]

1. e4 e5 2. Nf3 Nc6 3. Nc3 Nf6 4. d4 exd4 5. Nxd4 Bb4 6. Nxc6 bxc6 7. Bd3 d6 8. O-O Ng4 9. Na4 O-O 10. Be2 Qh4 11. Bf4 Nf6 12. g3 Qh3 13. a3 Ba5 14. b4 Bb6 15. Nxb6 axb6 16. f3 Nh5 17. Qd2 Nxf4 18. Qxf4 Re8 19. c4 Re5 20. Rf2 c5 21. b5 Bb7 22. Qd2 Qe6 23. Bd3 h5 24. a4 Ra5 25. Qc2 Qf6 26. Ra2 Re8 27. Bf1 Qd4 28. Ra3 Rea8 29. Kg2 g6 30. Rd2 Qe5 31. Bd3 h4 32. g4 Qf4 33. Rf2 f6 34. Kf1 Kg7 35. Qd1 Bc8 36. Bc2 Be6 37. Bb3 Qe3 38. Qc2 h3 39. Ra1 Qf4 40. Qd2 Qxd2 41. Rxd2 f5 42. exf5 gxf5 43. Re2 Bf7 44. Re7 fxg4 45. fxg4 Re8 46. Rxe8 Bxe8 47. Re1 Bf7 48. Kf2 Ra8 49. Kg3 Rh8 50. Re7 Kf6 51. Rxc7 Re8 52. g5+ Kg7 53. Bd1 Rh8 54. a5 bxa5 55. b6 Rb8 56. b7 1-0

[Event "34th European Club Cup 2018"]
[Site "Halkidiki"]
[Date "2018.10.18"]
[Round "7"]
[White "Purton, Ben J"]
[Black "Gupta, Milon"]
[Result "1/2-1/2"]
[WhiteElo "2115"]
[BlackElo "2206"]
[Annotator "TA"]
[PlyCount "63"]
[EventDate "2018.10.12"]
[EventType "team-tourn"]
[EventCountry "GRE"]
[SourceTitle "playchess.com"]
[Source "ChessBase"]
[SourceQuality "1"]
[WhiteTeam "Grantham"]
[BlackTeam "Solingen"]

1. e4 e5 2. Nf3 Nf6 3. Nxe5 d6 4. Nf3 Nxe4 5. Qe2 Qe7 6. d3 Nf6 7. Bg5 Nbd7 8. Nc3 Qxe2+ 9. Bxe2 h6 10. Bf4 Nb6 11. O-O Be7 12. d4 Bf5 13. Rfe1 O-O 14. Rac1 Rfe8 15. h3 a6 16. Nd1 Bf8 17. c4 Nbd7 18. Ne3 Bh7 19. Nd2 c5 20. dxc5 Nxc5 21. Red1 Rad8 22. b4 Ne6 23. Bh2 d5 24. cxd5 Nxd5 25. Nxd5 Rxd5 26. Bf3 Rd7 27. Nb3 Rxd1+ 28. Rxd1 Bxb4 29. Bxb7 a5 30. Bc6 Rc8 31. Bb5 Bg6 32. Bg3 1/2-1/2

[Event "34th European Club Cup 2018"]
[Site "Halkidiki"]
[Date "2018.10.18"]
[Round "7"]
[White "Zymberi, Astrit"]
[Black "Tsarouhas, Konstantinos"]
[Result "0-1"]
[WhiteElo "2115"]
[BlackElo "2154"]
[Annotator "TA"]
[PlyCount "91"]
[EventDate "2018.10.12"]
[EventType "team-tourn"]
[EventCountry "GRE"]
[SourceTitle "playchess.com"]
[Source "ChessBase"]
[SourceQuality "1"]
[WhiteTeam "Drejtesia"]
[BlackTeam "Chania CA"]

1. d4 Nf6 2. c4 g6 3. f3 c5 4. d5 Bg7 5. e4 d6 6. Ne2 O-O 7. Nec3 e6 8. Be2 exd5 9. cxd5 Nh5 10. Be3 f5 11. f4 fxe4 12. Bxh5 gxh5 13. Qxh5 Nd7 14. h3 Nb6 15. Nd2 Rf5 16. Qe2 Qh4+ 17. Bf2 Qxf4 18. O-O Be5 19. g3 Qh6 20. h4 Rxf2 21. Kxf2 e3+ 22. Kg2 exd2 23. Ne4 Qg6 24. Ng5 h6 25. Qf3 Bd7 26. Nf7 Bg4 27. Qxg4 Qxg4 28. Nxh6+ Kg7 29. Nxg4 Bxb2 30. Rab1 Bd4 31. Rfd1 Bc3 32. Ne3 Re8 33. Kf3 Kg6 34. g4 c4 35. Nc2 Re7 36. Rb5 Re1 37. Ne3 Bd4 38. Rxd2 Rxe3+ 39. Kf4 Rd3 40. Rxd3 cxd3 41. Ke4 d2 42. Rb1 Bf2 43. Kd3 Be1 44. h5+ Kg5 45. Ke2 Nxd5 46. Rb5 0-1

[Event "34th European Club Cup 2018"]
[Site "Halkidiki"]
[Date "2018.10.18"]
[Round "7"]
[White "Jap Tjoen San, Linda"]
[Black "Fattebene, Pierre"]
[Result "1-0"]
[WhiteElo "2086"]
[BlackElo "1836"]
[Annotator "NA"]
[PlyCount "67"]
[EventDate "2018.10.12"]
[EventType "team-tourn"]
[EventCountry "GRE"]
[SourceTitle "playchess.com"]
[Source "ChessBase"]
[SourceQuality "1"]
[WhiteTeam "Leiden"]
[BlackTeam "Dudelange"]

1. e4 b6 2. d4 e6 3. Nf3 Bb7 4. Bd3 Nf6 5. Qe2 Be7 6. Nc3 d6 7. h3 c5 8. Bb5+ Kf8 9. dxc5 dxc5 10. a4 Nc6 11. e5 Ne8 12. Be3 h6 13. Rd1 Qc7 14. Bf4 g5 15. Bg3 Ng7 16. Bd3 Nh5 17. Nb5 Qb8 18. Bh2 Nf4 19. Bxf4 gxf4 20. Qe4 a6 21. Nd6 Bxd6 22. exd6 Qxd6 23. Bxa6 Qc7 24. Bxb7 Qxb7 25. Ne5 Na5 26. Qxf4 f5 27. Ng6+ Kf7 28. Nxh8+ Rxh8 29. O-O Rg8 30. f3 Rg6 31. Rd2 Nc6 32. c3 Ne7 33. Rfd1 Nd5 34. Rxd5 1-0

[Event "34th European Club Cup 2018"]
[Site "Halkidiki"]
[Date "2018.10.18"]
[Round "7"]
[White "Schwerteck, Michael"]
[Black "Ballmann, Martin"]
[Result "0-1"]
[WhiteElo "2077"]
[BlackElo "2381"]
[Annotator "TA"]
[PlyCount "60"]
[EventDate "2018.10.12"]
[EventType "team-tourn"]
[EventCountry "GRE"]
[SourceTitle "playchess.com"]
[Source "ChessBase"]
[SourceQuality "1"]
[WhiteTeam "Bonnevoie"]
[BlackTeam "Winterthur"]

1. e4 c5 2. Nf3 d6 3. d4 cxd4 4. Nxd4 Nf6 5. Nc3 a6 6. f3 e5 7. Nb3 Be6 8. Be3 Nc6 9. Qd2 Be7 10. O-O-O O-O 11. g4 a5 12. g5 Nd7 13. Kb1 a4 14. Nc1 a3 15. b3 Nd4 16. Bxd4 exd4 17. Nb5 Bxg5 18. Qxd4 Ne5 19. Be2 Bf4 20. Nd3 Nxd3 21. Qxd3 Qf6 22. Qd4 Be5 23. Qb4 Rfc8 24. Rd3 Bxh2 25. Nxa3 Be5 26. f4 Qxf4 27. Rf3 Qg5 28. Rd1 Qg2 29. Rd2 Qg1+ 30. Rd1 Qa7 0-1

[Event "34th European Club Cup 2018"]
[Site "Halkidiki"]
[Date "2018.10.18"]
[Round "7"]
[White "Jessen, Alexander"]
[Black "Kathstede, Gerd"]
[Result "1/2-1/2"]
[WhiteElo "2060"]
[BlackElo "2008"]
[Annotator "NA"]
[PlyCount "61"]
[EventDate "2018.10.12"]
[EventType "team-tourn"]
[EventCountry "GRE"]
[SourceTitle "playchess.com"]
[Source "ChessBase"]
[SourceQuality "1"]
[WhiteTeam "Jetsmark"]
[BlackTeam "Aachen"]

1. d4 Nf6 2. c4 e6 3. Nc3 Bb4 4. e3 O-O 5. Bd3 d5 6. Nge2 c5 7. cxd5 cxd4 8. exd4 Nxd5 9. O-O Nc6 10. Bc2 Be7 11. Qd3 g6 12. a3 b6 13. Rd1 Bf6 14. Nxd5 Qxd5 15. Nc3 Qh5 16. d5 exd5 17. Nxd5 Bg7 18. Ba4 Ne5 19. Qe4 Bg4 20. Nf4 Qh4 21. Rd4 Bf5 22. Qd5 Ng4 23. Nh3 Bxd4 24. Qxd4 Rfd8 25. Qb4 a5 26. Qxb6 Nxf2 27. Nxf2 Qxa4 28. Bg5 Rd7 29. Bf6 Qf4 30. Qc6 Re8 31. Rf1 1/2-1/2

[Event "34th European Club Cup 2018"]
[Site "Halkidiki"]
[Date "2018.10.18"]
[Round "7"]
[White "Vogel, Constantin"]
[Black "Corvi, Marco"]
[Result "1-0"]
[WhiteElo "2060"]
[BlackElo "2316"]
[Annotator "TA"]
[PlyCount "91"]
[EventDate "2018.10.12"]
[EventType "team-tourn"]
[EventCountry "GRE"]
[SourceTitle "playchess.com"]
[Source "ChessBase"]
[SourceQuality "1"]
[WhiteTeam "St Benildus"]
[BlackTeam "Lazio ASD"]

1. c4 g6 2. g3 Bg7 3. Bg2 d6 4. Nc3 e5 5. d3 f5 6. e3 Nf6 7. Nge2 O-O 8. O-O c6 9. b3 Be6 10. Ba3 Re8 11. Rc1 Na6 12. Qd2 Nc7 13. d4 e4 14. Rfd1 Bf7 15. d5 c5 16. b4 b6 17. bxc5 bxc5 18. Rb1 Nd7 19. Qc2 g5 20. g4 fxg4 21. Bxe4 h5 22. Bh7+ Kf8 23. Ng3 Ne5 24. Nce4 Qe7 25. Rb7 h4 26. Nf5 Nf3+ 27. Kf1 Nxh2+ 28. Ke2 Qd8 29. Nxg7 Kxg7 30. Bb2+ Re5 31. Bxe5+ dxe5 32. d6 Ne6 33. Nxc5 Qf6 34. Nxe6+ Qxe6 35. Be4 Kh6 36. Rxf7 Qxf7 37. Bxa8 g3 38. f3 g4 39. f4 exf4 40. exf4 Nf3 41. Bxf3 gxf3+ 42. Kxf3 Qh5+ 43. Kg2 Qg4 44. Rh1 Kg7 45. Qe4 Kg8 46. Qe8+ 1-0

[Event "34th European Club Cup 2018"]
[Site "Halkidiki"]
[Date "2018.10.18"]
[Round "7"]
[White "Ho, Conrad"]
[Black "Ledger, Stephen C"]
[Result "1/2-1/2"]
[WhiteElo "2056"]
[BlackElo "2020"]
[Annotator "NA"]
[PlyCount "64"]
[EventDate "2018.10.12"]
[EventType "team-tourn"]
[EventCountry "GRE"]
[SourceTitle "playchess.com"]
[Source "ChessBase"]
[SourceQuality "1"]
[WhiteTeam "White Rose"]
[BlackTeam "Blackthorne"]

1. e4 c5 2. Nc3 Nc6 3. Nf3 e5 4. Bc4 Be7 5. d3 d6 6. Nd2 Bg5 7. Nf1 Bxc1 8. Qxc1 Nf6 9. Ne3 O-O 10. O-O a6 11. a4 Rb8 12. f4 exf4 13. Rxf4 Ne5 14. Bb3 Be6 15. Ncd5 Nxd5 16. Bxd5 Ng6 17. Rf3 Ne7 18. Bxe6 fxe6 19. Rxf8+ Qxf8 20. Qd2 Nc6 21. Rf1 Qe7 22. Qf2 b5 23. axb5 axb5 24. Ra1 Rf8 25. Qe1 Ne5 26. Qg3 h6 27. h3 Rf6 28. Ra5 b4 29. b3 Rg6 30. Qf4 Rf6 31. Qg3 Rg6 32. Qf4 Rf6 1/2-1/2

[Event "34th European Club Cup 2018"]
[Site "Halkidiki"]
[Date "2018.10.18"]
[Round "7"]
[White "Damjanovic, Vuk"]
[Black "Koch, Thomas"]
[Result "1/2-1/2"]
[WhiteElo "2031"]
[BlackElo "2467"]
[Annotator "TA"]
[PlyCount "52"]
[EventDate "2018.10.12"]
[EventType "team-tourn"]
[EventCountry "GRE"]
[SourceTitle "playchess.com"]
[Source "ChessBase"]
[SourceQuality "1"]
[WhiteTeam "Itaka"]
[BlackTeam "Eynatten"]

1. e4 c5 2. Nf3 d6 3. d4 cxd4 4. Nxd4 Nf6 5. Nc3 a6 6. Be2 e6 7. O-O Qc7 8. f4 Be7 9. Kh1 O-O 10. Qe1 b5 11. Bf3 Bb7 12. e5 Ne8 13. f5 b4 14. f6 gxf6 15. exd6 Bxd6 16. Bxb7 Qxb7 17. Ne4 Be5 18. Nf3 Nd6 19. Nxd6 Bxd6 20. Bh6 Rc8 21. Qh4 Bf8 22. Bxf8 Rxf8 23. Ng5 fxg5 24. Qxg5+ Kh8 25. Qf6+ Kg8 26. Qg5+ Kh8 1/2-1/2

[Event "34th European Club Cup 2018"]
[Site "Halkidiki"]
[Date "2018.10.18"]
[Round "7"]
[White "Millward, Kevin P"]
[Black "Longson, Sarah N"]
[Result "0-1"]
[WhiteElo "2023"]
[BlackElo "2149"]
[Annotator "NA"]
[PlyCount "66"]
[EventDate "2018.10.12"]
[EventType "team-tourn"]
[EventCountry "GRE"]
[SourceTitle "playchess.com"]
[Source "ChessBase"]
[SourceQuality "1"]
[WhiteTeam "Viking CC"]
[BlackTeam "Oldham"]

1. d4 d5 2. Bf4 c5 3. e3 Nc6 4. c3 Qb6 5. Qb3 c4 6. Qc2 e5 7. dxe5 Bf5 8. Qc1 Nge7 9. Nf3 Ng6 10. Bg3 Bc5 11. Be2 O-O 12. Nbd2 Rae8 13. Nd4 Bxd4 14. cxd4 Nb4 15. O-O Bd3 16. Bxd3 Nxd3 17. Qc3 Qxb2 18. Qxb2 Nxb2 19. Rab1 c3 20. Nb3 Rc8 21. Rfc1 b6 22. Rc2 Ne7 23. Nc1 b5 24. Ne2 b4 25. e6 Rc6 26. exf7+ Kxf7 27. h3 Ra6 28. Nxc3 bxc3 29. Rxc3 Nc4 30. e4 Nb6 31. Bd6 dxe4 32. Re1 Nbd5 33. Rc5 Rxd6 0-1

[Event "34th European Club Cup 2018"]
[Site "Halkidiki"]
[Date "2018.10.18"]
[Round "7"]
[White "Christensen, Esben"]
[Black "Densing, Gerd"]
[Result "1/2-1/2"]
[WhiteElo "2017"]
[BlackElo "1776"]
[Annotator "NA"]
[PlyCount "85"]
[EventDate "2018.10.12"]
[EventType "team-tourn"]
[EventCountry "GRE"]
[SourceTitle "playchess.com"]
[Source "ChessBase"]
[SourceQuality "1"]
[WhiteTeam "Bronshoj"]
[BlackTeam "Echternach"]

1. e4 e6 2. Nf3 d5 3. Nc3 Nf6 4. e5 Nfd7 5. Ne2 h6 6. d4 c5 7. c3 Nc6 8. h4 Qb6 9. a3 c4 10. g3 Na5 11. Bh3 Nb3 12. Rb1 Nb8 13. Be3 Nc6 14. O-O Bd7 15. Nd2 Nca5 16. f4 g6 17. Nf3 Be7 18. Kh2 O-O-O 19. h5 Rdg8 20. hxg6 fxg6 21. g4 h5 22. Rg1 Qd8 23. Qe1 Rh7 24. Qf2 Rgh8 25. g5 Rf8 26. Nh4 Rg7 27. Rbf1 Kb8 28. Ng3 Nc6 29. Qc2 Qe8 30. Rg2 Bd8 31. Rfg1 Ne7 32. Ne2 Nf5 33. Nxf5 exf5 34. Re1 Ba4 35. Ng3 Nxd4 36. Qf2 Nc6 37. Ne2 Qe6 38. Ng3 Rd7 39. Qd2 Be7 40. Rf2 Rfd8 41. Ne2 b6 42. Bg2 Bc5 43. Bd4 1/2-1/2

[Event "34th European Club Cup 2018"]
[Site "Halkidiki"]
[Date "2018.10.18"]
[Round "7"]
[White "Drent, Sjoerd"]
[Black "Jashari, Ardian"]
[Result "0-1"]
[WhiteElo "2001"]
[BlackElo "2113"]
[Annotator "NA"]
[PlyCount "58"]
[EventDate "2018.10.12"]
[EventType "team-tourn"]
[EventCountry "GRE"]
[SourceTitle "playchess.com"]
[Source "ChessBase"]
[SourceQuality "1"]
[WhiteTeam "En Passant"]
[BlackTeam "Dardania"]

1. e4 c5 2. c4 Nc6 3. Nc3 Nf6 4. g3 e6 5. Nf3 d5 6. e5 Ne4 7. Qe2 Nxc3 8. dxc3 dxc4 9. Qxc4 Qc7 10. Qe2 b6 11. Bg2 Bb7 12. O-O a5 13. Re1 Be7 14. Bg5 Ba6 15. Qe3 Rd8 16. Bf1 Bxf1 17. Kxf1 O-O 18. Bxe7 Nxe7 19. Qe4 h6 20. Rad1 Rd5 21. c4 Rdd8 22. h4 Rd7 23. Rxd7 Qxd7 24. g4 Rd8 25. Ke2 Nc6 26. b3 Nb4 27. Ra1 Nxa2 28. Rxa2 Qd1+ 29. Ke3 Qxb3+ 0-1

[Event "34th European Club Cup 2018"]
[Site "Halkidiki"]
[Date "2018.10.18"]
[Round "7"]
[White "Petrakis, Stylianos"]
[Black "Jaksland, Tim"]
[Result "0-1"]
[WhiteElo "2000"]
[BlackElo "2214"]
[Annotator "TA"]
[PlyCount "52"]
[EventDate "2018.10.12"]
[EventType "team-tourn"]
[EventCountry "GRE"]
[SourceTitle "playchess.com"]
[Source "ChessBase"]
[SourceQuality "1"]
[WhiteTeam "Chania CC"]
[BlackTeam "Hillerod"]

1. e4 c5 2. Nf3 e6 3. d4 cxd4 4. Nxd4 Nc6 5. Nc3 Qc7 6. Be3 a6 7. Qd2 Nf6 8. O-O-O Bb4 9. f3 Ne7 10. Qe1 Bxc3 11. Qxc3 Qxc3 12. bxc3 d5 13. e5 Nd7 14. f4 O-O 15. c4 b6 16. Nb3 Bb7 17. a4 Rfc8 18. a5 Nf5 19. Bxb6 Nxb6 20. axb6 Ne3 21. Na5 Rab8 22. cxd5 Rxc2+ 23. Kb1 Bxd5 24. Nc4 Bxc4 25. Bxc4 Rxc4 26. Rd6 Rb4+ 0-1